| 000 | 00579nam a22001937a 4500 | ||
|---|---|---|---|
| 003 | OSt | ||
| 005 | 20240717124442.0 | ||
| 008 | 240717b |||||||| |||| 00| 0 eng d | ||
| 020 | _a0312215392 | ||
| 040 |
_aMUST LIB _bMUST _cMUST |
||
| 082 |
_222 _a341.2 _bINN |
||
| 100 |
_aEdited by Michael G. Schechter _918844 |
||
| 245 |
_aInnovation in multilateralism/ _cEdited by Michael G. Schechter |
||
| 300 |
_aXXVi, 344 p, : _bill. _c23 cm |
||
| 504 | _aIncludes bibliographical index. | ||
| 650 |
_aInnovation _95784 |
||
| 700 |
_aSchechter, G, Michael _918845 |
||
| 942 |
_2ddc _cO_SHELF |
||
| 999 |
_c9233 _d9233 |
||